| 000 | 00358nam a22001457a 4500 | ||
|---|---|---|---|
| 999 |
_c527370 _d527370 |
||
| 003 | NUST | ||
| 020 |
_a9789350232897 _qP/B. |
||
| 038 | _awaseem | ||
| 082 |
_a621.3821 _bFAL |
||
| 100 |
_aFaludi, Robert _918587 |
||
| 245 |
_aBuilding Wireless Sensor Networks / _cRobert Faludi |
||
| 260 |
_aNew Delhi : _bSPD, _c2015. |
||
| 300 | _a300 p. ; | ||
| 942 |
_2ddc _cBK |
||